[Event "Bad Woerishofen op"]
[Site "Bad Woerishofen"]
[Date "1992.??.??"]
[Round "4"]
[White "Reschke, Stefan"]
[Black "Maus, Soenke"]
[Result "0-1"]
[WhiteElo "2325"]
[BlackElo "2385"]

1.c4 e5 2.g3 Nc6 3.Bg2 g6 4.Nc3 Bg7 5.Rb1 a5 6.a3 Nf6 7.d3 O-O 8.b4 axb4
9.axb4 Re8 10.b5 Ne7 11.Nf3 d5 12.Nd2 c6 13.O-O Nf5 14.cxd5 cxd5 15.Bb2 h5
16.e4 d4 17.Nd5 Nxd5 18.exd5 Nd6 19.Nc4 Nxb5 20.Qb3 Bd7 21.Ra1 Rxa1 22.Rxa1 Bf8
23.Bc1 h4 24.Bd2 h3 25.Bh1 b6 26.Re1 Qf6 27.Qb1 Bc5 28.Qc1 Nd6 29.Bg5 Qg7
30.Bh6 Qh8 31.Bd2 Nxc4 32.Qxc4 Qf6 33.Qc1 Qd6 34.Qd1 b5 35.Re4 Kg7 36.Rh4 Rh8
37.Rxh8 Kxh8 38.Qf3 Kg7 39.g4 b4 40.Qxh3 b3 41.Bh6+ Kg8 42.Bc1 Ba3  0-1

[Event "Bad Woerishofen op"]
[Site "Bad Woerishofen"]
[Date "1992.??.??"]
[Round "7"]
[White "Foisor, Cristina Adela B"]
[Black "Kishnev, Sergey"]
[Result "1/2-1/2"]
[WhiteElo "2375"]
[BlackElo "2540"]

1.c4 e5 2.g3 d5 3.cxd5 Qxd5 4.Nf3 Bb4 5.Nc3 Bxc3 6.dxc3 Qxd1+ 7.Kxd1 f6 8.Bg2 Ne7
9.b3 Nbc6 10.Ba3 Bf5 11.Kc1 Rd8 12.Rd1 Rxd1+ 13.Kxd1 g5 14.Nd2 h5 15.Ne4 Bxe4
16.Bxe4 f5 17.Bg2 h4 18.Ke1 Kd7 19.Rd1+ Ke6 20.e4 h3 21.exf5+ Kxf5 22.Bf1 Ng8
23.Rd7 Nf6 24.Rxc7 e4 25.Rxb7 Ng4 26.Rf7+ Kg6 27.Rf8 Rh7 28.f4 gxf4 29.Rg8+ Kf5
30.Rf8+ Kg6 31.Rg8+ Kf5 32.Rf8+ Kg6 33.Rg8+  1/2-1/2

[Event "Balatonbereny op"]
[Site "Balatonbereny"]
[Date "1992.??.??"]
[Round "8"]
[White "Ruck, Robert"]
[Black "Czebe, Attila"]
[Result "1-0"]
[WhiteElo "2325"]
[BlackElo "2225"]

1.g3 e5 2.c4 g6 3.Bg2 Bg7 4.Nc3 c6 5.e3 d6 6.Nge2 Be6 7.b3 Qd7 8.h4 f5 9.d4 e4
10.Nf4 Bf7 11.Ba3 Nf6 12.Rc1 O-O 13.h5 Na6 14.Bf1 Nc7 15.hxg6 hxg6 16.Be2 g5
17.Nh5 Nxh5 18.Bxh5 Rad8 19.Bxf7+ Rxf7 20.Qh5 Qe7 21.Qg6 Qf6 22.Qxf6 Rxf6
23.g4 d5 24.Be7 Rdf8 25.cxd5 Nxd5 26.Nxd5 cxd5 27.gxf5 Rxf5 28.Bxf8 Bxf8
29.Rc7 Rf6 30.Rxb7 Rc6 31.Rh5 Rc1+ 32.Kd2 Rc8 33.Rxg5+ Kh8 34.Rxd5  1-0

[Event "Bankia tt"]
[Site "Bankia"]
[Date "1992.??.??"]
[Round "3"]
[White "Dichev, Nedelcho"]
[Black "Peev, Peicho Chonev"]
[Result "1-0"]
[WhiteElo "2235"]
[BlackElo "2380"]

1.c4 e5 2.g3 d6 3.Bg2 g6 4.Nc3 Bg7 5.e4 Nh6 6.d3 O-O 7.Nge2 c6 8.h3 Be6 9.Be3 f5
10.Qd2 Nf7 11.b3 fxe4 12.dxe4 a6 13.Rd1 b5 14.c5 dxc5 15.Bxc5 Qxd2+ 16.Rxd2 Re8
17.Be3 Nd7 18.O-O a5 19.Rfd1 Nf6 20.Nc1 a4 21.b4 Bf8 22.Nd3 Rad8 23.Nc5 Rxd2
24.Rxd2 Bc8 25.f3 Rd8 26.Rxd8 Nxd8 27.Kf2 Ne6 28.Nd3 Nd7 29.f4 Bg7 30.Ne2 Kf7
31.h4 exf4 32.gxf4 Bf6 33.Kg3 Be7 34.Nd4 Nxd4 35.Bxd4 Bb7 36.Bh3 Nf6 37.Bxf6 Kxf6
38.a3 Kg7 39.Bd7 Bd6 40.e5 Bf8 41.Be6 Be7 42.h5 Kf8 43.hxg6 hxg6 44.Bd7 Kf7
45.Kg4 Ba8 46.f5 gxf5+ 47.Kxf5 Bf8 48.Be6+ Ke7 49.Nf4 Bh6 50.Ng6+ Ke8 51.Kf6 c5
52.Bf7+ Kd7 53.e6+ Kd6 54.bxc5+ Kxc5 55.e7 Bc6  1-0

[Event "Beersheba-B"]
[Site "Beersheba"]
[Date "1992.??.??"]
[Round "7"]
[White "Kagan, Igor"]
[Black "Gofshtein, Leonid D"]
[Result "0-1"]
[WhiteElo "2380"]
[BlackElo "2485"]

1.c4 e5 2.g3 d6 3.Bg2 f5 4.Nc3 Nf6 5.b4 a5 6.b5 Be7 7.Nf3 O-O 8.O-O Kh8 9.d3 Nbd7
10.Nd2 Qe8 11.e3 Bd8 12.Re1 Qg6 13.f4 Nc5 14.Nb3 e4 15.Nxc5 dxc5 16.Ba3 b6
17.dxe4 fxe4 18.Nxe4 Bg4 19.Qd2 Nxe4 20.Qd5 Bf6 21.Bxe4 Qh6 22.Qc6 Rad8 23.Bd5 Qg6
24.e4 Rd6 25.Qb7 Bd4+ 26.Kg2 Bxa1 27.Rxa1 c6 28.Qe7 Re8  0-1

[Event "BEL-ch"]
[Site "BEL"]
[Date "1992.??.??"]
[Round "10"]
[White "Vandevoort, Pascal"]
[Black "Schuermans, Robert"]
[Result "1-0"]
[WhiteElo "2280"]
[BlackElo "2255"]

1.c4 e5 2.g3 Nf6 3.Bg2 Nc6 4.Nc3 Bb4 5.Nd5 Bc5 6.e3 Nxd5 7.cxd5 Nb4 8.d4 exd4
9.exd4 Be7 10.a3 Na6 11.Ne2 d6 12.O-O Bg4 13.h3 Bxe2 14.Qxe2 O-O 15.Bd2 Bf6
16.Qd3 Qd7 17.Rac1 Rae8 18.b4 Bd8 19.Kh2 Nb8 20.b5 f5 21.Bf3 Qf7 22.a4 Kh8
23.Rce1 b6 24.Kg2 Nd7 25.Qc2 Nb8 26.Qc4 Rxe1 27.Rxe1 g5 28.Qe2 Qg7 29.Qd3 Bf6
30.Qxf5 h6 31.Qe6 Bxd4 32.Re4 Nd7 33.Rxd4 Qxd4 34.Qxh6+ Kg8 35.Qxg5+ Qg7
36.Qxg7+ Kxg7 37.Bc3+ Ne5 38.Bg4 Kf7 39.Be6+ Ke7 40.f4 Nd3 41.Bg7 Nxf4+ 42.gxf4 Rxf4
43.Bh6 Rxa4 44.h4 Kf6 45.Bg5+ Kg6 46.Kg3 a5 47.bxa6 Rxa6 48.Kg4 Ra4+ 49.Bf4 Kf6
50.Bf5 Rd4 51.h5 Rxd5 52.Bg5+ Kf7 53.h6 Rd1 54.Be3 Re1 55.Bf2 Re2 56.Bd4 Re5
57.Kg5 c5 58.Bxe5 dxe5 59.Be6+  1-0

[Event "Berliner Sommer"]
[Site "Berlin"]
[Date "1992.??.??"]
[Round "?"]
[White "Sehner, Norbert"]
[Black "Aseev, Konstantin N"]
[Result "0-1"]
[WhiteElo "2410"]
[BlackElo "2550"]

1.c4 e5 2.g3 Nf6 3.Bg2 d5 4.cxd5 Nxd5 5.Nf3 Nc6 6.d3 Be7 7.a3 a5 8.b3 O-O
9.Bb2 f6 10.O-O Be6 11.Qc2 Qe8 12.Nbd2 Qf7 13.d4 exd4 14.Bxd4 Rfd8 15.Bc5 Nb6
16.Bxe7 Qxe7 17.e3 Bd5 18.Rfc1 Kh8 19.Bf1 Nd7 20.Bd3 Nde5 21.Be2 Rd7 22.Qc5 Qe8
23.b4 b6 24.Qc3 Nxf3+ 25.Bxf3 Ne5 26.Bxd5 Rxd5 27.f4 Nd3 28.e4 Nxc1 29.Rxc1 axb4
30.axb4 Rd7 31.e5 fxe5 32.fxe5 Rad8 33.Nf1 Re7 34.Re1  0-1

[Event "Berliner Sommer"]
[Site "Berlin"]
[Date "1992.??.??"]
[Round "?"]
[White "Stanke, Juergen"]
[Black "Kalinitschew, Sergey"]
[Result "0-1"]
[WhiteElo "2240"]
[BlackElo "2465"]

1.c4 e5 2.g3 f5 3.Bg2 Nf6 4.Nc3 g6 5.e3 Bg7 6.Nge2 d6 7.O-O O-O 8.b3 Nbd7
9.d3 Kh8 10.Bb2 Rb8 11.Qd2 a6 12.f4 b5 13.cxb5 axb5 14.b4 Bb7 15.fxe5 dxe5
16.e4 Nb6 17.Qc2 fxe4 18.Nxe4 Nxe4 19.Bxe4 Bxe4 20.dxe4 Nc4 21.Rxf8+ Qxf8
22.Qc3 Qd6 23.Re1 Qb6+ 24.Kh1 Qf2 25.Bc1 Rf8 26.Ng1 Qxa2 27.Nh3 h6 28.Qd3 Qa8
29.Qe2 Qa4 30.Rf1 Qxb4 31.Rxf8+ Qxf8  0-1

[Event "Bern op"]
[Site "Bern"]
[Date "1992.??.??"]
[Round "3"]
[White "Ragozin, Evgeni"]
[Black "Sokolov, Andrei"]
[Result "0-1"]
[WhiteElo "2415"]
[BlackElo "2565"]

1.c4 e5 2.g3 Nf6 3.Bg2 d5 4.cxd5 Nxd5 5.Nc3 Nb6 6.Nf3 Nc6 7.O-O Be7 8.d3 O-O
9.a4 a5 10.Be3 Bg4 11.h3 Be6 12.Qc1 Nd4 13.Bxd4 exd4 14.Ne4 Bd5 15.Qf4 f5
16.Ned2 c5 17.Nb1 Qd7 18.Qc1 Bd6 19.Ng5 Bxg2 20.Kxg2 Rae8 21.Qd1 Kh8 22.Nd2 Nd5
23.Nc4 Bc7 24.Nf3 Rf6 25.Rh1 Rfe6 26.Kf1 Qe7 27.Ng1 h5 28.Rc1 h4 29.gxh4 Qxh4
30.Rc2 Qh5 31.Nd2 b6 32.Ndf3 Nf4 33.Ne1 Nd5 34.Ng2 Rg6 35.Nf3 Rge6 36.h4 Bf4
37.Rg1 Rg6 38.Rh1 Qg4 39.Nge1 Qh5 40.Ng2 Qg4 41.Nge1 Rh6 42.Rc4 Ree6 43.Qb3 Ne3+
44.fxe3 Bxe3 45.Nc2 Rhg6 46.Ng5 Bf2 47.e4 Bxh4 48.Ne1 Qxg5 49.Rc2 Qf4+ 50.Ke2 Qg4+
51.Kd2 Rh6 52.Kc1 fxe4 53.Rg2 Qf4+ 54.Kb1 exd3 55.Nxd3 Qe4 56.Rgh2 Bg5 57.Rh5 Rxh5
58.Rxh5+ Bh6 59.Ka2 Re8 60.Qc4 Qe6 61.Qxe6 Rxe6 62.Kb3 Kg8 63.Kc4 Be3 64.Kb5 g5
65.Kc4 Kg7 66.Rh2 Rh6 67.Rg2 Kf6 68.Kd5 Kf5 69.Ne5 Bf4 70.Nc4 g4  0-1

[Event "Bern op"]
[Site "Bern"]
[Date "1992.??.??"]
[Round "6"]
[White "Sher, Miron N"]
[Black "Petursson, Margeir"]
[Result "0-1"]
[WhiteElo "2475"]
[BlackElo "2555"]

1.c4 e5 2.g3 Nf6 3.Bg2 d5 4.cxd5 Nxd5 5.Nf3 Nc6 6.O-O Nb6 7.Nc3 Be7 8.a3 O-O
9.b4 Re8 10.d3 Bf8 11.Rb1 Nd4 12.Nd2 c6 13.Nb3 Bg4 14.h3 Bh5 15.g4 Bg6 16.Nc5 Rb8
17.N5e4 Ne6 18.e3 Nd5 19.Ne2 a5 20.b5 Nc5 21.Nxc5 Bxc5 22.Qb3 Nc7 23.bxc6 Qxd3
24.Nc3 a4 25.Qb2 Qc4 26.cxb7 Bxb1 27.Nxb1 e4 28.Nc3 Nd5 29.Bd2 Nxc3 30.Bxc3 Qb3
31.Qa1 Rxb7 32.Bxg7 Qxa3 33.Bf6 Qxa1 34.Rxa1 a3 35.Bf1 Reb8 36.Kg2 Rb1 37.Ra2 Rc1
38.Be2 Bd6 39.Rd2 Bb4 40.Ra2 Bf8 41.Rd2 Bg7 42.g5 Bxf6 43.gxf6 Rc6  0-1

[Event "Biel op"]
[Site "Biel"]
[Date "1992.??.??"]
[Round "2"]
[White "Sher, Miron N"]
[Black "Rahls, Peter"]
[Result "1-0"]
[WhiteElo "2505"]
[BlackElo "2340"]

1.c4 e5 2.g3 g6 3.d4 exd4 4.Qxd4 Qf6 5.Qd3 Nc6 6.Nc3 Bc5 7.Nf3 Nb4 8.Qd1 Qb6
9.e3 a5 10.Bg2 Nf6 11.O-O O-O 12.b3 Be7 13.Bb2 d6 14.Nd4 c6 15.Qd2 Na6 16.Rab1 Bd7
17.e4 Rfe8 18.h3 Rad8 19.Rfe1 Bc8 20.Na4 Qc7 21.Bc3 b6 22.Nxc6 Qxc6 23.e5 Qc7
24.exf6 Bf8 25.Bd4 Nc5 26.Nc3 Bf5 27.Nd5 Qa7 28.Rbd1 h5 29.Ne7+ Kh7 30.Nc6 Qd7
31.Nxd8 Rxd8 32.Bxc5 bxc5 33.Qxa5 Rb8 34.h4 Bg4 35.Rd3 Be6 36.Bd5 Re8 37.Rde3 Bh6
38.f4 Bxd5 39.cxd5 Qg4 40.Qc7  1-0

[Event "Bratislava op"]
[Site "Bratislava"]
[Date "1992.??.??"]
[Round "3"]
[White "Tabatadze, Tamaz"]
[Black "Zapolskis, Antanas"]
[Result "0-1"]
[WhiteElo "2405"]
[BlackElo "2420"]

1.c4 e5 2.g3 Nc6 3.Bg2 g6 4.Nc3 Bg7 5.e3 f5 6.d3 Nf6 7.Rb1 a5 8.a3 O-O 9.Nge2 Ne7
10.f4 exf4 11.Nxf4 c6 12.O-O d6 13.Qd2 g5 14.Nh3 h6 15.b3 Be6 16.Ne2 Bd7
17.Bb2 Ng6 18.Bc3 Qe7 19.Rbe1 a4 20.b4 Ne5 21.Nd4 Nfg4 22.e4 fxe4 23.Bxe4 Rxf1+
24.Rxf1 Nxc4 25.Qa2 d5 26.Re1 Nce5 27.Bg2 Qf7 28.Qd2 Qh5 29.Nf3 Re8 30.Nxe5 Nxe5
31.Nf2 Qf7 32.Re3 Ng6 33.Bxg7 Qxg7 34.Rxe8+ Bxe8 35.Qd1 b5 36.Bh3 Qd4 37.Qf3 Kg7
38.Kg2 Ne5 39.Qf5 Bd7  0-1

[Event "Bucaramanga"]
[Site "Bucaramanga"]
[Date "1992.??.??"]
[Round "1"]
[White "Zapata, Alonso"]
[Black "Henao, Raul Fernando"]
[Result "1/2-1/2"]
[WhiteElo "2515"]
[BlackElo "2390"]

1.c4 e5 2.g3 Nf6 3.Bg2 d5 4.cxd5 Nxd5 5.Nc3 Nb6 6.Nf3 Nc6 7.O-O Be7 8.a3 O-O
9.b4 Be6 10.Rb1 a6 11.d3  1/2-1/2

[Event "Budapest Nuovo-B"]
[Site "Budapest"]
[Date "1992.??.??"]
[Round "5"]
[White "Gallus, Gerald"]
[Black "Almasi, Istvan"]
[Result "0-1"]
[WhiteElo "2285"]
[BlackElo "2350"]

1.g3 e5 2.c4 Nf6 3.Bg2 Bc5 4.Nc3 a6 5.e3 Nc6 6.Nge2 d6 7.d4 exd4 8.exd4 Ba7
9.O-O O-O 10.Bg5 h6 11.Bf4 Bf5 12.d5 Nb4 13.Qd2 Re8 14.Rad1 Ng4 15.Nd4 Bd3
16.a3 Bxd4 17.axb4 Bxf1 18.Qxd4 Bxg2 19.Kxg2 Qf6 20.Qd3 g5 21.f3 gxf4  0-1

[Event "Wch U20"]
[Site "Buenos Aires"]
[Date "1992.??.??"]
[Round "?"]
[White "Petrov, Jole"]
[Black "Hsu Li Yang"]
[Result "1/2-1/2"]
[WhiteElo "2360"]
[BlackElo "2455"]

1.c4 e5 2.g3 Nc6 3.Bg2 g6 4.Nc3 Bg7 5.e3 d6 6.Nge2 Nf6 7.d4 exd4 8.exd4 O-O
9.O-O Bf5 10.h3 h5 11.Be3 Re8 12.Rc1 Qd7 13.Kh2 Ne7 14.d5 Qd8 15.Bg5 Nh7
16.Be3 Bd7 17.Bd4 Bh6 18.Ne4 Nf5 19.Bc3 c5 20.Rb1 a5 21.Qc2 b5 22.b3 b4 23.Ba1 a4
24.Ng1 axb3 25.axb3 Bg7 26.Bxg7 Kxg7 27.Qb2+ Kg8 28.Ra1 Rxa1 29.Rxa1 Bc8
30.Ne2 Qe7 31.Ra8 f6 32.Nf4 Kf7 33.Qa2 Rd8 34.Ne6 Bxe6 35.dxe6+ Kxe6 36.Nxc5+ dxc5
37.Bd5+ Rxd5 38.cxd5+ Kxd5 39.Ra7 Qe5 40.Rxh7 h4 41.Qa8+ Kd4 42.Rd7+ Nd6
43.Qf3 hxg3+ 44.fxg3 c4 45.bxc4 b3 46.Rxd6+ Qxd6 47.Qxb3 Qe5 48.Qc2 Kc5 49.Kg2 f5
50.h4 Qe4+ 51.Qxe4 fxe4 52.g4 Kxc4 53.Kf2 Kd4  1/2-1/2

[Event "Wch U20"]
[Site "Buenos Aires"]
[Date "1992.??.??"]
[Round "?"]
[White "Petrov, Jole"]
[Black "Escobedo Tinajero, Alberto"]
[Result "1/2-1/2"]
[WhiteElo "2360"]
[BlackElo "2265"]

1.c4 e5 2.g3 Nc6 3.Bg2 f5 4.Nc3 Nf6 5.e3 d6 6.Nge2 Be6 7.b3 d5 8.d4 e4 9.cxd5 Nxd5
10.Nxd5 Bxd5 11.O-O Bd6 12.Nc3 Bf7 13.Bb2 a6 14.Re1 h5 15.Bh3 Qg5 16.Kh1 Nb4
17.Qe2 Nd3 18.Rg1 Nxb2 19.Qxb2 Be6 20.Qe2 Rh6 21.Rab1 Qe7 22.f3 Bb4 23.Rbc1 Bxc3
24.Rxc3 Bd5 25.f4 g6 26.Bf1 c6 27.Qf2 Qb4 28.Rc2 b5 29.Qd2 Qd6 30.Rc5 Rh7
31.Qa5 Qc7 32.Qc3 Qd8 33.a4 Rb7 34.a5 b4 35.Qc2 Rb5 36.Bxb5 axb5 37.Ra1 Rxa5
38.Rxa5 Qxa5 39.Rxd5 cxd5 40.Qc6+ Kf8 41.Qd6+ Kg7 42.Qe7+ Kh6 43.Qf8+ Kh7
44.Qf7+ Kh6 45.Qf8+ Kh7  1/2-1/2

[Event "Buenos Aires Najdorf qual"]
[Site "Buenos Aires"]
[Date "1992.??.??"]
[Round "3"]
[White "Giardelli, Sergio C"]
[Black "Malbran, Guillermo"]
[Result "1-0"]
[WhiteElo "2430"]
[BlackElo "2330"]

1.c4 e5 2.g3 Nf6 3.Bg2 c6 4.d4 d6 5.Nc3 Be7 6.e4 exd4 7.Qxd4 Nbd7 8.Nge2 O-O
9.O-O Re8 10.b3 Bf8 11.Qd2 Nc5 12.f3 Qb6 13.Kh1 a5 14.Nd4 Bd7 15.Nc2 Rad8
16.Bb2 Bc8 17.Rae1 Qa6 18.f4 Nfd7 19.g4 Qb6 20.g5 Qc7 21.Ne3 Nb6 22.h4 Be7
23.Ne2 Bf8 24.Ng3 a4 25.b4 Na6 26.a3 Nb8 27.Qc3 N8d7 28.Nh5 f6 29.Ng4 Ne5
30.Ngxf6+ gxf6 31.Nxf6+ Kh8 32.fxe5 Rxe5 33.c5 Nd7 34.cxd6 Bxd6 35.Ng4 Re8
36.Rf7 Kg8 37.Ref1 Qd8 38.Qf3 Rf8 39.Nh6+ Kh8  1-0

[Event "Buenos Aires ITT"]
[Site "Buenos Aires"]
[Date "1992.??.??"]
[Round "6"]
[White "Giardelli, Sergio C"]
[Black "Fabrega, Enrique"]
[Result "1/2-1/2"]
[WhiteElo "2430"]
[BlackElo "2260"]

1.c4 e5 2.g3 Nc6 3.Bg2 Nf6 4.Nc3 Bb4 5.e4 d6 6.Nge2 O-O 7.O-O Bc5 8.h3 Be6
9.d3 Nd7 10.Kh2 f5 11.f4 g6 12.b3 Nf6 13.Bb2 Qd7 14.Qd2 Qg7 15.Rae1 Ng4+
16.Kh1 Be3 17.Qc2 Nb4 18.Qb1 Nf2+ 19.Rxf2 Bxf2 20.Rf1 Bb6 21.Na4 fxe4 22.dxe4 Qh6
23.f5 Qe3 24.Nac3 Bd7 25.a3 Nd3 26.Rf3 Nf2+ 27.Kh2 Qh6 28.Bc1 Ng4+ 29.Kh1 Qh5
30.Nd5 gxf5 31.exf5 Rae8 32.Nxb6 axb6 33.Kg1 Nh6 34.g4 Qh4 35.Rg3 Bc6 36.Bxc6 bxc6
37.Qe4 d5 38.cxd5 Nf7 39.dxc6 Rd8 40.Kg2 Rd6 41.Be3 Rfd8 42.b4 Rd3  1/2-1/2

[Event "Cannes Martinez op"]
[Site "Cannes"]
[Date "1992.??.??"]
[Round "?"]
[White "Plachetka, Jan"]
[Black "Haik, Aldo"]
[Result "1-0"]
[WhiteElo "2475"]
[BlackElo "2385"]

1.c4 e5 2.g3 Nc6 3.Bg2 f5 4.Nc3 Nf6 5.e3 g6 6.Nge2 Bg7 7.O-O O-O 8.d4 e4
9.f3 exf3 10.Bxf3 d6 11.Bd2 Bd7 12.Nf4 Kh8 13.Rc1 Re8 14.b4 Nxb4 15.Bxb7 Rb8
16.Bf3 Ng4 17.a3 Nc6 18.Ncd5 Ne7 19.Nxe7 Qxe7 20.Nd5 Qd8 21.Bxg4 fxg4 22.Ba5 Qg5
23.Bxc7 Rb2 24.Bxd6 Bc6 25.Rc2 Ba4 26.Rxb2 Bxd1 27.Rxd1 h5 28.Rf1 Qd8 29.c5 Qg5
30.Nf4 Qf5 31.Ng2 Qd3 32.Bf4 Rf8 33.Rfb1 Qe4 34.Rb8 Kh7 35.R8b7 Kh8 36.R7b2 Kh7
37.Rd1 Rf7 38.Rbd2 Qd5 39.Rc1 Qc6 40.d5 Qa6 41.c6 Qxa3 42.Rdc2 Bb2 43.c7 Rxf4
44.gxf4 Bxc1 45.Kf2 Bb2 46.c8=Q Bf6 47.d6 Qd3 48.Rc7+ Bg7 49.Qb7 Qd2+ 50.Kf1 Qd3+
51.Ke1 Kh6 52.Rf7 Qc3+ 53.Kf2 Qd2+ 54.Kf1 Qd3+ 55.Kf2 Qd2+ 56.Kg3 h4+ 57.Kxg4  1-0

[Event "Cannes team g/60"]
[Site "Cannes"]
[Date "1992.??.??"]
[Round "2"]
[White "Ree, Hans"]
[Black "Hodgson, Julian M"]
[Result "0-1"]
[WhiteElo "2455"]
[BlackElo "2545"]

1.c4 e5 2.g3 d6 3.Bg2 g6 4.Nc3 Bg7 5.e3 Nc6 6.Nge2 h5 7.h3 h4 8.g4 f5 9.gxf5 Bxf5
10.d3 Nf6 11.e4 Be6 12.Be3 Nh5 13.Qd2 Nd4 14.O-O-O c6 15.Kb1 a6 16.Bg5 Bf6
17.Bxf6 Qxf6 18.Rdf1 Nf4 19.Nxf4 exf4 20.f3 Rh5 21.Ne2 Nxe2 22.Qxe2 Qd4 23.Qd2 Rg5
24.Rh2 Bxc4 25.Rd1 Be6 26.Qxf4 Bxa2+  0-1

[Event "JUG-chT"]
[Site "Cetinje"]
[Date "1992.??.??"]
[Round "?"]
[White "Barlov, Dragan"]
[Black "Djuric, Stefan"]
[Result "0-1"]
[WhiteElo "2475"]
[BlackElo "2535"]

1.g3 e5 2.c4 Nc6 3.Bg2 f5 4.Nc3 Nf6 5.a3 d6 6.d3 Be7 7.e3 O-O 8.d4 Qe8 9.Nge2 Kh8
10.b3 a6 11.h3 Bd8 12.Bb2 Nh5 13.Bf3 Nf6 14.Nd5 Nxd5 15.Bxd5 f4 16.Qd2  0-1

[Event "JUG-chT"]
[Site "Cetinje"]
[Date "1992.??.??"]
[Round "?"]
[White "Raicevic, Momcilo"]
[Black "Drasko, Milan"]
[Result "1/2-1/2"]
[WhiteElo "2360"]
[BlackElo "2485"]

1.c4 e5 2.g3 Nc6 3.Bg2 g6 4.Nc3 Bg7 5.e3 f5 6.Nge2 Nf6 7.d4 d6 8.O-O O-O
9.Rb1 a5 10.a3 e4 11.f3 exf3 12.Bxf3 Qe8 13.Nd5 Nxd5 14.cxd5 Nd8 15.Qc2  1/2-1/2

[Event "JUG-chT"]
[Site "Cetinje"]
[Date "1992.??.??"]
[Round "?"]
[White "Demina, Julia"]
[Black "Maksimovic, Suzana"]
[Result "1-0"]
[WhiteElo "2385"]
[BlackElo "2230"]

1.c4 e5 2.g3 Nf6 3.Bg2 d5 4.cxd5 Nxd5 5.Nc3 Nb6 6.Nf3 Nc6 7.O-O Be7 8.a3 Be6
9.d3 O-O 10.b4 f6 11.Qc2 Qc8 12.Bb2 Rd8 13.Rfc1 a6 14.Ne4 Rd7 15.e3 Qd8 16.d4 exd4
17.Nxd4 Nxd4 18.Bxd4 Kh8 19.Nc5 Bxc5 20.bxc5 Nd5 21.c6 bxc6 22.Qxc6 Rd6 23.Qc2 Qe8
24.Rab1 Rad8 25.Bc5 R6d7 26.Qe2 Qg6 27.Qxa6 Bf5 28.Ra1 h5 29.h4 Be4 30.Qc4 Bd3
31.Qb3 Be2 32.Re1 Bg4 33.a4 Be6 34.Qb2 Bg4 35.a5 Qd3 36.a6 Nc3 37.a7 Ne2+
38.Rxe2 Bxe2 39.a8=Q Rxa8 40.Rxa8+ Kh7 41.Ra1  1-0

[Event "CSR-chT"]
[Site "CSR"]
[Date "1992.??.??"]
[Round "?"]
[White "Biolek, Richard"]
[Black "Likavsky, Tomas"]
[Result "1-0"]
[WhiteElo "2370"]
[BlackElo "2250"]

1.g3 e5 2.c4 f5 3.d4 exd4 4.Nf3 Bb4+ 5.Bd2 Bxd2+ 6.Qxd2 c5 7.Bg2 Nf6 8.e3 O-O
9.O-O Ne4 10.Qd3 dxe3 11.fxe3 Nc6 12.Nc3 Nxc3 13.bxc3 d6 14.Qd5+ Kh8 15.Rad1 Qe7
16.Qxd6 Be6 17.Qxe7 Nxe7 18.Ne5 Rad8 19.Bxb7 g6 20.e4 Kg7 21.Bd5 Bg8 22.Rb1 fxe4
23.Rb7 Rxf1+ 24.Kxf1 Re8 25.Nc6 Bxd5 26.cxd5 Kf6 27.Nxe7 Rxe7 28.Rxe7 Kxe7
29.c4 Kf6 30.g4 h5 31.h3 h4 32.Ke2 Ke5 33.Ke3 g5 34.Ke2 Kf4 35.d6  1-0

[Event "CSR-chT"]
[Site "CSR"]
[Date "1992.??.??"]
[Round "?"]
[White "Pcola, Pavel"]
[Black "Vavruska, David"]
[Result "0-1"]
[WhiteElo "2290"]
[BlackElo "2265"]

1.c4 e5 2.g3 Nc6 3.Bg2 g6 4.Nc3 Bg7 5.Nf3 Nge7 6.O-O O-O 7.d3 d6 8.Rb1 a5
9.a3 Bg4 10.b4 axb4 11.axb4 Qd7 12.Re1 Bh3 13.Bh1 h6 14.Qb3 Kh7 15.b5 Nd8
16.Ba3 f5 17.Rbc1 Ne6 18.Nd2 Rab8 19.Bb2 f4 20.Nce4 Nf5 21.Ra1 c6 22.Ra7 Qd8
23.bxc6 bxc6 24.Rb7 Rxb7 25.Qxb7 fxg3 26.hxg3 d5 27.cxd5 cxd5 28.Nc3 Nxg3
29.fxg3 Qg5 30.Nde4 Qe3+ 31.Kh2 Rf2+  0-1

[Event "CSR-chT"]
[Site "CSR"]
[Date "1992.??.??"]
[Round "?"]
[White "Smejkal, Jan"]
[Black "Plachetka, Jan"]
[Result "1/2-1/2"]
[WhiteElo "2535"]
[BlackElo "2460"]

1.c4 e5 2.g3 Nc6 3.Bg2 g6 4.Nc3 Bg7 5.e4 d6 6.Nge2 h5 7.h4 Nh6 8.d3 O-O 9.Nd5 Ne7
10.O-O c6 11.Nf6+ Bxf6 12.Bxh6 Bg7 13.Bxg7 Kxg7 14.d4 c5 15.d5 Rb8 16.Nc3 a6
17.Rb1 Bg4 18.Qd2 b5 19.cxb5 axb5 20.b4 c4 21.a4 bxa4 22.Nxa4 Bd7 23.Nb2 Bb5
24.Rfc1 Rc8 25.Bf1 f5 26.Bxc4 Bxc4 27.Nxc4 fxe4 28.Ne3 Qb6 29.Rxc8 Rxc8 30.b5 Rc5
31.Kg2 Rxb5 32.Nc4 Qc5 33.Rxb5 Qxb5 34.Nxd6 Qxd5 35.Qxd5 Nxd5 36.Nxe4 Kf7
37.Kf3 Ke6 38.Ng5+ Kf5 39.Ne4  1/2-1/2

[Event "CSR-chT"]
[Site "CSR"]
[Date "1992.??.??"]
[Round "?"]
[White "Jirovsky, Milos"]
[Black "Hudecek, Jan"]
[Result "1/2-1/2"]
[WhiteElo "2425"]
[BlackElo "2285"]

1.g3 e5 2.c4 Nf6 3.Bg2 d5 4.cxd5 Nxd5 5.Nc3 Nb6 6.Nf3 Nc6 7.O-O Be7 8.d3 O-O
9.Be3 Be6 10.Rc1 f6 11.Nd2 Rb8 12.Nb3 Nd5 13.Bc5 b6 14.Nxd5 Bxd5 15.Bxd5+ Qxd5
16.Bxe7 Nxe7 17.Rxc7 Nc6 18.Qc2 Rfc8 19.Rxc8+ Rxc8 20.Rc1 Ne7 21.Qd2 a5 22.Rxc8+ Nxc8
23.Qc3 Nd6 24.Qc7 e4 25.Qd8+ Kf7 26.Qd7+ Kg6 27.d4 h5 28.e3 a4 29.Qxa4 Nc4
30.Qe8+ Kh6 31.Nc1 g5 32.Nb3 Ne5 33.Kg2 Nf3 34.Qc8 Qb5 35.Qf8+ Kg6 36.Qg8+ Kh6
37.g4 Ne1+ 38.Kg1 Nf3+ 39.Kg2 Ne1+ 40.Kg1 Nf3+ 41.Kg2  1/2-1/2

[Event "EU-chT (Men)"]
[Site "Debrecen"]
[Date "1992.??.??"]
[Round "1"]
[White "Muir, Andrew J"]
[Black "Lalic, Bogdan"]
[Result "1/2-1/2"]
[WhiteElo "2375"]
[BlackElo "2515"]

1.c4 e5 2.g3 Nc6 3.Bg2 g6 4.Nc3 Bg7 5.d3 f5 6.e3 Nf6 7.Nge2 O-O 8.O-O Kh8
9.Rb1 Ne7 10.f4 d6 11.b4 a6 12.a4 c6 13.b5 axb5 14.axb5 exf4 15.Nxf4 g5 16.Nfe2 d5  1/2-1/2

[Event "EU-chT (Men)"]
[Site "Debrecen"]
[Date "1992.??.??"]
[Round "3"]
[White "Ostenstad, Berge"]
[Black "Westerinen, Heikki MJ"]
[Result "1-0"]
[WhiteElo "2455"]
[BlackElo "2430"]

1.c4 e5 2.g3 f5 3.Bg2 Nf6 4.d4 exd4 5.Qxd4 Nc6 6.Qd1 Bb4+ 7.Bd2 Bxd2+ 8.Nxd2 d5
9.Nh3 O-O 10.Nf4 dxc4 11.Nxc4 Qxd1+ 12.Rxd1 g5 13.Bxc6 bxc6 14.Nd3 Be6 15.Rc1 Bd5
16.f3 Rae8 17.Kd2 Rd8 18.Ne3 Ne8 19.Rc5 g4 20.Nxd5 cxd5 21.Nf4 Rf6 22.Ra5 a6
23.h3 Rb6 24.b3 Nf6 25.Rc1 c6 26.Ne6 Rd7 27.Nd4 gxh3 28.Rh1 Rc7 29.Rxh3 f4
30.Ne6 Rc8 31.gxf4 Kf7 32.f5 Ra8 33.Kd3 Rb5 34.Ra4 Ra7 35.Nd8+ Ke8 36.Nxc6 Ra8
37.Rg3 Rc5 38.Nd4 Rc1 39.Kd2 Rc7 40.Ne6 Rf7 41.e4 dxe4 42.fxe4 Rd7+ 43.Rd3 Ng4
44.Rd5 Ke7 45.Rad4 Nf6 46.Re5 Rxd4+ 47.Nxd4+ Kf7 48.Re6 Rg8 49.e5 Rg2+ 50.Ke3 Nd5+
51.Ke4 Nc3+ 52.Kd3 Nxa2 53.Rb6 Rg3+ 54.Kc4 Rc3+ 55.Kd5 Rc8 56.Rb7+ Kg8 57.f6 Nc3+
58.Ke6 Ne4 59.Rg7+ Kh8 60.Kf5 Nc5 61.Nf3 Rg8 62.Rxg8+ Kxg8 63.e6 Nxb3 64.e7 Kf7
65.Ng5+ Ke8 66.Ne6  1-0

[Event "EU-chT (Men)"]
[Site "Debrecen"]
[Date "1992.??.??"]
[Round "6"]
[White "Lobron, Eric"]
[Black "Piket, Jeroen"]
[Result "1/2-1/2"]
[WhiteElo "2575"]
[BlackElo "2615"]

1.c4 e5 2.g3 Nc6 3.Bg2 g6 4.Nc3 Bg7 5.Rb1 a5 6.d3 d6 7.e3 f5 8.Nge2 Nf6 9.b3 O-O
10.O-O Kh8 11.Bb2 Bd7 12.Qd2 Qe8 13.f4 Nd8 14.Rbe1 a4 15.b4 a3 16.Ba1 Nf7
17.e4 fxe4 18.Nxe4 Nxe4 19.Bxe4 c6 20.Bg2 Qd8 21.Kh1 Qc7 22.d4 Rae8 23.dxe5 dxe5
24.c5 Be6 25.fxe5 Nxe5 26.Rxf8+ Rxf8 27.Nf4 Bf5 28.Qc1 Nd3 29.Nxd3 Bxd3 30.Qxa3 Bxa1
31.Qxd3 Rd8 32.Qc2 Qg7 33.a4 Bc3 34.Rb1 Qd4 35.Qb3 Rf8 36.a5 Bd2 37.h4 Kg7
38.Qd1 Qe3 39.Rb3 Qe1+ 40.Qxe1 Bxe1 41.Bh3 Rd8 42.Bg4 Rd4 43.Bc8 Rxb4 44.Rxb4 Bxb4  1/2-1/2

[Event "DEN-ch"]
[Site "?"]
[Date "1992.??.??"]
[Round "9"]
[White "Rasmussen, Karsten"]
[Black "Hansen, Lars Bo"]
[Result "1-0"]
[WhiteElo "2450"]
[BlackElo "2530"]

1.c4 e5 2.g3 Nf6 3.Bg2 d5 4.cxd5 Nxd5 5.Nc3 Nb6 6.d3 Be7 7.Be3 O-O 8.Rc1 Re8
9.Nf3 Nc6 10.O-O Bf8 11.a3 Nd4 12.Ne4 a5 13.Nc5 Nf5 14.Bd2 c6 15.e4 Nd4 16.Nxd4 exd4
17.f4 Nd7 18.Nxd7 Bxd7 19.g4 c5 20.g5 Ra6 21.f5 b5 22.Qh5 c4 23.Rf3 g6 24.Qh4 cxd3
25.Rcf1 gxf5 26.Rh3 h6 27.exf5 Re2 28.Rg3 Kh8 29.Qxd4+ f6 30.Qxd3 Qb6+ 31.Kh1 Rxg2
32.Rxg2 Bc6 33.gxh6 Qb7 34.Rg1 Qf7 35.Bc3 Ra8 36.Qd4 Bxh6 37.Qd6 Bd5 38.h4 Rg8
39.Kh2 Bxg2 40.Qxf6+ Qxf6 41.Bxf6+ Kh7 42.Rxg2 Rf8 43.Rg6 Rc8 44.Kh3 Rc4
45.Be5 Bf4 46.Re6 b4 47.Re7+ Kh6 48.Bf6 bxa3 49.bxa3 Rc8 50.Kg4 Bd6 51.Bg5+  1-0

[Event "Doha op"]
[Site "Doha"]
[Date "1992.??.??"]
[Round "4"]
[White "Rahman, Ziaur"]
[Black "Guseinov, Aidyn"]
[Result "0-1"]
[WhiteElo "2380"]
[BlackElo "2385"]

1.c4 e5 2.g3 Nf6 3.Bg2 d5 4.cxd5 Nxd5 5.Nc3 Nb6 6.Nf3 Nc6 7.O-O Be7 8.a3 O-O
9.b4 Be6 10.d3 f6 11.Bb2 a5 12.b5 Nd4 13.Nd2 a4 14.e3 Nb3 15.Nxb3 Bxb3 16.Qe2 Rb8
17.Rfc1 Qd7 18.Ne4 Qxb5 19.Rxc7 Nd5 20.Rcc1 Nb6 21.Rc7 Nd5 22.Nc3 Nxc3 23.Rxc3 Bd6
24.Rac1 Qd7 25.f4 b5 26.fxe5 Bxe5 27.d4 Bd6 28.Bc6 Qf5 29.e4 Qg5 30.e5 fxe5
31.dxe5 Bc7 32.Rf3 Bc4 33.Bd5+ Bxd5 34.Rxf8+ Rxf8 35.Rxc7 Bc4 36.Rxc4 bxc4
37.Qxc4+ Kh8 38.Qe2 Qf5 39.Kg2 Rc8 40.g4 Rc2  0-1